| 000 | 00616nam a22001937a 4500 | ||
|---|---|---|---|
| 999 |
_c5119 _d5119 |
||
| 003 | OSt | ||
| 005 | 20181221100134.0 | ||
| 008 | 181221b ||||| |||| 00| 0 eng d | ||
| 020 | _a9781936314997 | ||
| 040 | _cDLC | ||
| 082 |
_a823 _bK29M |
||
| 100 | _aKeller, John | ||
| 245 |
_aA Miracle On The Road To Recovery: _bA True Story / _cBy John Keller and Margie Knight [Foreward By Chuck D Pierce] |
||
| 260 |
_aOklahoma, USA : _bWord and Spirit Resources, _cc2010. |
||
| 300 | _a259 p.: | ||
| 630 | _aHealth | ||
| 650 |
_aTraffic accident victims--Family relationships _xChristian biography _zTexas |
||
| 942 |
_2ddc _cBK |
||